000 00420nam a22001697a 4500
999 _c614
_d614
005 20210901141319.0
008 160512b xxu||||| |||| 00| 0 eng d
020 _a978-81-203-35362-2
041 _aeng
082 _b1470
_a657
100 _aNarayanaswamy R.
_9487
245 _aFinancial Accounting (A managerial Prespective)
260 _aNew Delhi
_bPHI,
300 _a699
650 _aManagement
_9241
942 _cBK